Nghiên cứu cấu trúc vốn của các công ty ngành dược và thiết bị y tế niêm yết trên thị trường chứng khoán Việt Nam : Luận văn thạc sĩ. Chuyên ngành: kinh tế

Trên cơ sở nghiên cứu những vấn đề lý luận cơ bản về tối ưu hoá cấu trúc vốn và quyền quyết định cấu trúc vốn mục tiêu, luận văn nghiên cứu thực trạng cấu trúc vốn của các công ty cổ phần dựơc và thiết bị y tế trên TTCK Việt...

Descrición completa

Gardado en:
Detalles Bibliográficos
Autor Principal: Lê, Đào Thanh Chiêu An
Formato: Libro
Idioma:Undetermined
Publicado: Cần Thơ Đại Học Cần Thơ 2013
Những chủ đề:
Các nhãn: Engadir etiqueta
Sen Etiquetas, Sexa o primeiro en etiquetar este rexistro!
Thư viện lưu trữ: Trung tâm Học liệu Trường Đại học Cần Thơ
LEADER 01519nam a2200205Ia 4500
001 CTU_184409
008 210402s9999 xx 000 0 und d
082 |a 332.64 
082 |b A105 
100 |a Lê, Đào Thanh Chiêu An 
245 0 |a Nghiên cứu cấu trúc vốn của các công ty ngành dược và thiết bị y tế niêm yết trên thị trường chứng khoán Việt Nam : 
245 0 |b Luận văn thạc sĩ. Chuyên ngành: kinh tế 
245 0 |c Lê Đào Thanh Chiêu An ; Trương Quang Thông hướng dẫn 
260 |a Cần Thơ 
260 |b Đại Học Cần Thơ 
260 |c 2013 
520 |a Trên cơ sở nghiên cứu những vấn đề lý luận cơ bản về tối ưu hoá cấu trúc vốn và quyền quyết định cấu trúc vốn mục tiêu, luận văn nghiên cứu thực trạng cấu trúc vốn của các công ty cổ phần dựơc và thiết bị y tế trên TTCK Việt Nam, làm cơ sở đưa ra các giải pháp để hoạch định cấu trúc vốn hợp lí cho sự phát triển dài hạn của các công ty cổ phần dược phẩm và thiết bị y tế trên TTCK Việt Nam 
650 |a Thị trường chứng khoán,Securities market,Stock market 
904 |i Kim Thị Ngọc Yến 
980 |a Trung tâm Học liệu Trường Đại học Cần Thơ